Practical data science with R (Record no. 170649)
[ view plain ]
| 000 -LEADER | |
|---|---|
| fixed length control field | 00586nam a2200229Ia 4500 |
| 003 - CONTROL NUMBER IDENTIFIER | |
| control field | OSt |
| 005 - DATE AND TIME OF LATEST TRANSACTION | |
| control field | 20250628105023.0 |
| 008 - FIXED-LENGTH DATA ELEMENTS--GENERAL INFORMATION | |
| fixed length control field | 210423s2019 xx 000 0 und d |
| 020 ## - INTERNATIONAL STANDARD BOOK NUMBER | |
| International Standard Book Number | 978-93-5119-437-8 |
| 040 ## - CATALOGING SOURCE | |
| Transcribing agency | AL |
| 041 ## - LANGUAGE CODE | |
| Language code of text/sound track or separate title | eng |
| 082 ## - DEWEY DECIMAL CLASSIFICATION NUMBER | |
| Classification number | 006.3 |
| Edition number | 23 |
| Item number | ZUMP |
| 100 ## - MAIN ENTRY--PERSONAL NAME | |
| Personal name | Nina Zumel |
| 9 (RLIN) | 95636 |
| 245 ## - TITLE STATEMENT | |
| Title | Practical data science with R |
| 260 ## - PUBLICATION, DISTRIBUTION, ETC. | |
| Place of publication, distribution, etc. | Delhi |
| Name of publisher, distributor, etc. | Dreamtech Press |
| Date of publication, distribution, etc. | 2019 |
| 300 ## - PHYSICAL DESCRIPTION | |
| Extent | xxv,389 |
| Other physical details | PB |
| 365 ## - TRADE PRICE | |
| Price amount | 849 |
| Currency code | INR |
| 650 ## - SUBJECT ADDED ENTRY--TOPICAL TERM | |
| Topical term or geographic name entry element | Computer Methods |
| 9 (RLIN) | 95637 |
| 700 ## - ADDED ENTRY--PERSONAL NAME | |
| Personal name | Mount, John |
| 9 (RLIN) | 216462 |
| 906 ## - LOCAL DATA ELEMENT F, LDF (RLIN) | |
| a | data ; Practical ; R ; science |
| 942 ## - ADDED ENTRY ELEMENTS (KOHA) | |
| Source of classification or shelving scheme | Dewey Decimal Classification |
| Koha item type | Book |
| Withdrawn status | Lost status | Damaged status | Not for loan | Collection code | Home library | Current library | Date acquired | Source of acquisition | Cost, normal purchase price | Total Checkouts | Full call number | Barcode | Date last seen | Date last checked out | Price effective from | Koha item type |
|---|---|---|---|---|---|---|---|---|---|---|---|---|---|---|---|---|
| MCom Finance & Analytics | St Aloysius PG Library | St Aloysius PG Library | 02/27/2020 | Vidyarthi Books | 849.00 | 1 | 006.3 ZUMP | PG017151 | 08/24/2022 | 05/18/2022 | 04/26/2021 | Book |